000 00738nam a22001817a 4500
999 _c57359
_d57359
005 20200609143859.0
008 200601s2018 ge ||||| |||| 00| 0 geo d
022 _a19879962
041 _ageo
245 _aსაქართველოს საკონსტიტუციო სასამართლო :
_b№ 1 2018 /
_cრედ. ზაზა თავაძე.
250 _aსპეციალური გამოცემა
260 _aბათუმი,
_c2018
300 _aV.
653 _aსამართალი
653 _aსაკონსტიტუციო სასამართლო
700 _aთავაძე, ზაზა
_eრედაქტორი
_98275
942 _2udc
_cCR